| 000 | 01169nam a2200325 i 4500 | ||
|---|---|---|---|
| 001 | 13730 | ||
| 003 | KOSZ 005 | ||
| 005 | 20191017092954.0 | ||
| 008 | 070908s1965 pl a f 000 0 pol | ||
| 015 | _aPB 1966/1190 | ||
| 035 | _a(OCoLC)749302495 | ||
| 040 |
_aWA N _cWA N _dKOSZ 005/KK |
||
| 080 | _a528 | ||
| 100 | 1 |
_aZapaśnik, Zygmunt. _eAutor. |
|
| 245 | 1 | 0 |
_aWzory i skróty w zakresie geodezji / _cZygmunt Zapaśnik. |
| 250 | _aWydanie 3 poprawione i uzupełnine | ||
| 260 |
_aWarszawa : _bPaństwowe Przedsiębiorstwo Wydawnictw Kartograficznych, _c1965. |
||
| 300 |
_a187 stron : _bilustracje ; _c18 cm. |
||
| 336 |
_2rdacontent _aTekst _btxt |
||
| 337 |
_2rdamedia _aBez urządzenia pośredniczącego _bn |
||
| 338 |
_2rdacarrier _aWolumin _bnc |
||
| 380 | _aKsiążki. | ||
| 504 | _aBibliografia na stronie 184. | ||
| 658 | _aGeografia i nauki o ziemi | ||
| 650 | 4 | _aGeodezja | |
| 655 | 4 | _aTablice i wzory | |
| 710 | 2 |
_aPaństwowe Przedsiębiorstwo Wydawnictw Kartograficznych _4pbl. |
|
| 856 |
_uhttp://koha.tu.koszalin.pl/cgi-bin/koha/opac-detail.pl?biblionumber=13730 _yKatalog online BPK |
||
| 942 |
_2UKD _cKS |
||
| 999 |
_c13730 _d13730 |
||